=LDR 00000nam 2200000 4500 =001 INLIS000000000035706 =005 20130612141537 =008 ***********************************Ind** =035 ##$$0010-061300000035706 =041 ##$$a Ind =082 ##$$a 344.046 32 =090 ##$$a 344.046 32, Ham p =100 ##$$a Hamzah, Andi =245 ##$$a Pengantar hukum lingkungan, Andi Hamzah =260 ##$$a 2005 $b Jakarta =300 ##$$a ix, 155 hlm, 33 cm =650 ##$$a Lingkungan - Hukum =850 ##$$a NBPNMAT